| 000 | 00525cam a2200169 a 4500 | ||
|---|---|---|---|
| 020 | _a0415141885 | ||
| 020 | _a0415141893 (pbk.) | ||
| 082 | 0 | 0 |
_a323.4 _bMIL _cL-27,P-35 |
| 100 | 1 |
_aRiley, Jonathan, _937699 |
|
| 245 | 1 | 0 |
_aMill on liberty / _cJonathan Riley. |
| 260 |
_aLondon ; _aNew York : _bRoutledge, _c1998. |
||
| 300 |
_axiii, 141 p. ; _c21 cm. |
||
| 526 |
_a0 _b0 _c0 _d323_400000000000000_MIL |
||
| 650 | 0 |
_aLiberty. _911440 |
|
| 856 | 4 | 2 | _uhttp://www.loc.gov/catdir/enhancements/fy0649/97035429-d.html |
| 942 |
_2ddc _cBK |
||
| 999 |
_c542518 _d542518 |
||